00417 2200169 4500245003500000020002200035250001100057100001900068650001600087005001900103260002800122041001400150084000800164300002400172500004200196336000900238 aOur HopecInesia PratiwihText a978-602-6922-27-4 aCet. 2 aInesia Pratiwi aNovel Fiksi a20231004144036 aJakartabLoveablec2016 aIndonesia a813 a284 hlm. l 19 cm. : ayes, you're mu evrthing. my only hope atext